000 00399 a2200169 4500
001 184035
020 _a85-262-2073-X
040 _cMagnum
100 _aLarreula, Enric
240 1 0 _aBruxa Onilda vai à Inglaterra
_lpor
245 1 0 _aBruxa Onilda vai à Inglaterra
300 _a31
362 0 _a2001
440 1 _aScipione
697 _aLITERATURA INFANTO-JUVENIL ESTRANGEIRA
942 _cBK
999 _c184035
_d184035